Encyclopaedia Britannica (Record no. 447156)

000 -LEADER
fixed length control field 00323ngm a2200121 454500
008 - FIXED-LENGTH DATA ELEMENTS--GENERAL INFORMATION
fixed length control field 180718b1968 xxu||||| |||| 00| 0 eng d
082 ## - DEWEY DECIMAL CLASSIFICATION NUMBER
Classification number A31 En19/68
245 ## - TITLE STATEMENT
Title Encyclopaedia Britannica
260 ## - PUBLICATION, DISTRIBUTION, ETC.
Place of publication, distribution, etc. Chicago
Name of publisher, distributor, etc. encyclopaedia Britannica
Date of publication, distribution, etc. 1968
300 ## - PHYSICAL DESCRIPTION
Extent 24v.
500 ## - GENERAL NOTE
General note Rs.2250. for 24 vols
650 ## - SUBJECT ADDED ENTRY--TOPICAL TERM
Topical term or geographic name entry element Encyclopaedias
Holdings
Withdrawn status Lost status Damaged status Not for loan Permanent Location Current Location Date acquired Full call number Barcode Date last seen Price effective from Koha item type
        Indian Institute of Public Administration Indian Institute of Public Administration 2010-04-12 A31 En19/68 CD719 2018-07-21 2018-07-21 CD

Powered by Koha